| 000 | 00935nas a2200301 4500 | ||
|---|---|---|---|
| 001 | BR2018001363 | ||
| 003 | BR-BrBNA | ||
| 005 | 20231205131344.0 | ||
| 007 | ta | ||
| 008 | 230509b bl.|||p| |||| 00| 00por d | ||
| 040 |
_aBR-BrBNA _bpor _cBiblioteca Nacional de Agricultura |
||
| 041 | _a(Pt) | ||
| 072 | _aQ03 | ||
| 100 | 1 | _aTonini, I.G. de O. | |
| 100 | 1 | _aSilva, T.K.R. | |
| 100 | 1 | _aMoura, P.N. de | |
| 100 | 1 | _aGatti, R.R. | |
| 245 | 1 | _aAvaliação da temperatura e do tempo de exposição das preparações no buffet e restaurante tipo self service | |
| 650 | _aALIMENTO PREPARADO | ||
| 650 | _aTEMPERATURA | ||
| 650 | _aHIGIENE DE ALIMENTO | ||
| 650 | _aCONTROLE DE QUALIDADE | ||
| 650 | _aSAÚDE | ||
| 650 | _aCONSUMIDOR | ||
| 773 | 0 |
_tHigiene Alimentar (Brazil) _xISSN 0101-9171 _g(May-Jun 2018), v. 32(280-281) p. 38-41 _wBR2018001363 |
|
| 909 |
_a202311 _bLúcia _c55 _dLúcia Elande |
||
| 942 |
_2AGRIS _n0 _cANA |
||
| 999 |
_c254358 _d254358 |
||